Responses for Show #4466 - Monday, January 26, 2004

Contestants

[<< previous game]

Todd Wilson, a marketing executive from Atlanta, Georgia

Neil Silverman, a doctor from Los Angeles, California

Margaret Meehan, a medical records supervisor from Brick, New Jersey (whose 2-day cash winnings total $52,000)

[next game >>]

Jeopardy! Round responses

BESTSELLERS
OLYMPIC GAMES WAITING LIST
FROMMER'S TRAVEL USA
FAMILIAR PHRASES
MAY I BE FRANK WITH YOU?
IT'S ALL IN YOUR HEAD
    $200 4
Hillary Clinton

Neil
    $200 26
bowling

Todd
    $200 2
mules

Todd
    $200 9
cut off your nose

Neil
    $200 16
Franklin Pierce

Todd
    $200 1
septum

Todd
    $400 5
Harry Potter and the Order of the Phoenix

Margaret
    $400 27
bridge

Todd
    $400 3
(Neil: What is Los Angeles?)

Detroit

MargaretNeil
    $400 10
a molehill

Todd
    $400 17
Frank Lloyd Wright

Todd
    $400 14
molars

Margaret
    $600 6
(Todd: What is "Red Dragon?")

Red Rabbit

Todd
Triple Stumper
    $600 28
ballroom dancing

Margaret
    $600 11
Southfork

Todd
    $600 23
fiction

Todd
    $600 18
(Neil: Who is Frank Lovell?)
(Todd: Who is Frank Lowell?)

Frank Borman

NeilTodd
Triple Stumper
    $600 15
mandible

Todd
    $800 7
Newt Gingrich

Todd
    $800 29
karate

Triple Stumper
    $800 12
Maui

Todd
    $800 24
shoulder

Todd
    $800 19
Frank Gifford

Todd
    $800 21
the cerebrum

Todd
    $1000 8
The Da Vinci Code

Neil
    $1,800 30
golf

Margaret
    $1000 13
Shenandoah

Todd
    $1000 25
(Alex: With a minute to go.)

uncle

Todd
    $1000 20
Frank Rizzo

Neil
    $1000 22
(Todd: What is the cochlea?)

the eustachian tube

NeilTodd

Scores at the first commercial break (after clue 15):

Margaret Neil Todd
$1,200 $1,000 $4,000

Scores at the end of the Jeopardy! Round:

Margaret Neil Todd
$3,600 $2,400 $7,600

Double Jeopardy! Round responses

OPERA TITLE CHARACTERS
HODGEPOURRI
PRESIDENTIAL MIDDLE NAME SPELLING
(Alex: You have to spell the middle name.)
'60s MUSIC SCENE
HI YA, IRIAN JAYA!
ON "Q"
    $400 23
Madame Butterfly

Todd
    $400 11
Madame Tussauds

Todd
    $400 6
E-A-R-L

Todd
    $400 13
"Strangers In The Night"

Neil
    $400 21
Indonesia

Todd
    $400 1
quiver

Neil
    $800 27
Falstaff

Todd
    $800 12
Zanzibar

Margaret
    $800 7
B-A-I-N-E-S

Todd
    $800 17
The Supremes

Neil
    $800 22
(Todd: What is the Venus Flytrap?)

orchids

NeilTodd
    $800 2
quibble

Neil
    $1200 28
Parsifal

Triple Stumper
    $1200 14
(Margaret: What is Thursday?)

Wednesday (for Woden)

Margaret
Triple Stumper
    $1200 8
(Todd: Delano, [*]?)
(Neil: What is [*]?)

D-E-L-A-N-O

NeilTodd
    $1200 18
"Hello, Dolly!"

Neil
    $1200 24
(Neil: What is the Netherlands?)
....
(Alex: We have about a minute left to go in the round.)

Japan

NeilTodd
    $1200 3
quadrant

Neil
    $1,400 29
(Todd: What are The Three Kings?)

Amahl and the Night Visitors

Todd
    $1600 15
Honduras

Todd
    $1600 9
M-I-L-H-O-U-S

Neil
    $1600 19
The Dave Clark Five

Margaret
    $2,800 25
(Alex: Neil was one clue too early on that one!)

the Netherlands

Todd
    $1600 4
Queen's counsel

Triple Stumper
    $2000 30
The Bartered Bride

Triple Stumper
    $2000 16
the electric chair

Triple Stumper
    $2000 10
B-I-R-C-H-A-R-D

Triple Stumper
    $2000 20
"El Paso"

Triple Stumper
    $2000 26
the birdwing

Triple Stumper
    $2000 5
Quirinal

Triple Stumper

Scores at the end of the Double Jeopardy! Round:

Margaret Neil Todd
$4,800 $9,600 $13,000

[wagering suggestions for these scores]

Final Jeopardy! Round responses

THE OXFORD ENGLISH DICTIONARY
(Alex: You have one? It'll help if you do!)
MargaretWho is Huxley?
$2,001
NeilWho is Nietzche
$9,550
ToddWho is Clarke
$6,201
Buckminster Fuller

Final scores:

Margaret Neil Todd
$2,799 $50 $6,799
2nd place: $2,000 3rd place: $1,000 New champion: $6,799

Game dynamics:

Coryat scores:

Margaret Neil Todd
$4,000 $9,600 $13,200
7 R
(including 1 DD),
1 W
14 R,
3 W
26 R
(including 1 DD),
6 W
(including 1 DD)

Combined Coryat: $26,800

[game clues] [game scores] [suggest correction]

Game tape date: 2003-11-20
The J! Archive is created by fans, for fans. Scraping, republication, monetization, and malicious use prohibited; this site may use cookies and collect identifying information. See terms. The Jeopardy! game show and all elements thereof, including but not limited to copyright and trademark thereto, are the property of Jeopardy Productions, Inc. and are protected under law. This website is not affiliated with, sponsored by, or operated by Jeopardy Productions, Inc. Join the discussion at JBoard.tv.